000 00795nam a2200253Ia 4500
003 OSt
005 20221005112246.0
006 a|||||r|||| 00| 0
007 ta
008 221004b |||||||| |||| 00| 0 pan d
020 _a9788189284640 (hbk)
024 _a101632
037 _cTextual
040 _aCRL
_cCRL
_bpan
041 _2pan
_apan
082 _aO153,2:g, P8
100 _aਹਰਦੀਪ ਕੌਰ
245 0 _aਆਧੁਨਿਕ ਬੋਧ ਅਤੇ ਪੰਜਾਬੀ ਨਾਟਕ
260 _aਅੰਮ੍ਰਿਤਸਰ
_bਰੂਹੀ ਪ੍ਰਕਾਨ ਭਾਰਤ
_c2008
300 _a112ਪੰ
_ccm.
650 _aਪੰਜਾਬੀ ਸਾਹਿਤ
942 _hO153,2:g, P8
_cTEXL
_2cc
999 _c1024351
_d1024351